Регионална библиотека "Любен Каравелов" - Русе

Klarinetten - Studien (Запис номер 353140)

MARC детайли
000 -Лидер
Контролно поле с фиксирана дължина ncm a22 a 4500
003 - Код на организацията, давaща контролен номер
Контролно поле BLK
005 - Дата и час на последна редакция
Контролно поле 20200427164047.0
008 - Елементи от данни с фиксирана дължина
fixed length control field 200407b bu ||||| |||| 00| 0 bu d
040 ## - Източник на каталожния запис
Идентификатор на билиотеката - собственик на записа BLK
041 ## - Код за език
Код за езика на текст/звукозапис или на отделно заглавие Немски
Код за езика КДБФ Немски
080 ## - УДК
Текстов определител УДК Кларинет, баскларинет, басетхорн
УДК код - определител по УДК 788.6
УДК - код + определител 788.6
100 ## - Редна дума - Автор
R(LIN) 403913
Автор Видерман, Людвиг
Авторска отговорност първи автор
139 ## - Редно поле
Редна дума Видерман, Людвиг
Авторски знак Вид - В 57
245 ## - Сведения за заглавието
Заглавие Klarinetten - Studien
Редно поле (дума) Ludwig Wiedemann
Том Band І -
257 ## - Страна на издаване
Страна на създаване/издаване Германия
260 ## - Област на издателските данни
9 (RLIN) 402906
Място на издаване, разпространение и проч. Leipzig
Име на издателя, разпространителя и проч. Breitkopf & Härtel
Година на издаване s.a.
300 ## - Физическа характеристика
Страници 19 с.
Размери/Мащаб 30 см
380 ## - Жанр
Жанр Изкуство
650 #0 - Допълнително описание по предмет – тема
9 (RLIN) 353811
Основно описание – тема или топоним Кларинет - етюди, гами
653 #7 - Ключова дума – ненормативна
9 (RLIN) 188643
Ключова дума кларинети
653 #7 - Ключова дума – ненормативна
9 (RLIN) 186510
Ключова дума етюди
852 ## - Местоположение
Форматна сигнатура М ІІ 3252
Фондова буква Отдел Изкуство - подръчен фонд
Систематично-азбучна сигнатура 788/W 66 L
999 ## - СИСТЕМНИ КОНТРОЛНИ НОМЕРА
Koha biblionumber 353140
Koha biblioitemnumber 353140
942 ## - АРТИКУЛИ
Вид на библиотечния материал Нотни издания
Скрит в OPAC Не
Периодичен библиозапис Да
944 ## - СЪЗДАВАНЕ И РЕДАКЦИЯ на ЗАПИСА
Дата на регистрацията/редакция 2020-04-09
Служител, извършил регистрацията/редакцията Атанаска Минкова
999 ## - СИСТЕМНИ КОНТРОЛНИ НОМЕРА
Koha biblioitemnumber 353140
999 ## - СИСТЕМНИ КОНТРОЛНИ НОМЕРА
Koha biblioitemnumber 353140
999 ## - СИСТЕМНИ КОНТРОЛНИ НОМЕРА
Koha biblioitemnumber 353140
999 ## - СИСТЕМНИ КОНТРОЛНИ НОМЕРА
Koha biblioitemnumber 351997
Наличности
Код за отписване Код за изгубен артикул Източник на класификационната схема Код за повреда Коз за рестрикции Код за отдаване Артикулен № Име на библиотеката - собственик Име на библиотеката, в която се намира в момента Статус (Текущо местоположение) Дата на вписване в системата Местоположение - отдел Цена в лева Инвентарен номер Систематично азбучна сигнатура Баркод Цена в евро Служебен тип на артикула
  Не е изгубен Universal Decimal Classification Не е повреден без рестрикции заемане за дома 760401 Регионална библиотека "Любен Каравелов" Русе Регионална библиотека "Любен Каравелов" Русе Отдел Изкуство - подръчен фонд 2020-04-10 Отдел Изкуство - подръчен фонд 0.40 12860/64 788/В 57 Л 900000005240 0.20 Нотни издания
  Не е изгубен Universal Decimal Classification Не е повреден   ползва се в читалня 773340 Регионална библиотека "Любен Каравелов" Русе Регионална библиотека "Любен Каравелов" Русе Хранилище 2020-06-01 Основен фонд - ползва се само за читалня 0.40 6750/64 Цб М ІІ 3252 900000008526 0.20 Нотни издания
Vip Innovations Ltd, Rousse, Bulgaria 2025